000 00871nam a2200265Ia 4500
003 OSt
005 20221005033335.0
006 a|||||r|||| 00| 0
007 ta
008 221004b |||||||| |||| 00| 0 eng d
020 _a9789350501504 (hbk)
_c3000
024 _a12915
037 _b870, 21/03/2014, Bright Book Service
_cTextual
040 _aCRL
_cCRL
_beng
041 _2eng
_aeng
082 _aV2:71, P5.5
100 _aSampath M D Ed.
245 0 _aAncient science and archaeology
_b Journal of the ancient sciences and archaeological society of India
260 _aDelhi
_bB.R.Publishing House India
_c2014
300 _axvii,276p.
_ccm.
650 _aHISTORY
700 _a Pankaja N Ed.
_9586034
942 _hV2:71, P5.5
_cTEXL
_2cc
999 _c941389
_d941389